[Event "Floripa Chess Open 2024"]
[Site "Florianopolis"]
[Date "2024.01.21"]
[Round "2.141"]
[White "Abdalla, Umar Mohammad"]
[Black "Felix, Joao Eduardo Orland"]
[Result "0-1"]
[WhiteElo "1354"]
[BlackElo "1703"]
[PlyCount "43"]
[EventDate "2024.01.20"]
[EventRounds "10"]
[EventCountry "BRA"]

1. d4 Nf6 2. c4 e6 3. Nc3 Bb4 4. Qc2 c5 5. e3 d5 6. dxc5 Qa5 ({RR} 6... Nc6 7.
Nf3 Bxc5 8. a3 d4 9. Na4 Be7 10. exd4 Nxd4 11. Nxd4 Qxd4 12. Be3 Qe5 13. Be2
Bd7 14. Bf3 Bc6 15. Bxc6+ bxc6 16. Qc3 Qh5 17. h3 Ne4 18. Qc2 Qa5+ 19. b4 Qf5
20. O-O O-O 21. Rfe1 {Gareev,T (2573)-Niemann,H (2645) Warsaw POL 2021 0-1 (58)
}) ({RR} 6... Ne4 7. Bd2 Nxd2 8. Qxd2 dxc4 9. Qxd8+ Kxd8 10. O-O-O+ Ke7 11. Ne4
f5 12. a3 fxe4 13. axb4 Na6 14. Rd4 Nxb4 15. Rxc4 Nd3+ 16. Bxd3 exd3 17. Rd4
Rd8 18. Rxd8 Kxd8 19. Kd2 Bd7 20. Kxd3 Rc8 21. b4 {Raszka,J (1924)-Kostecka,M 
(1862) Ustron POL 2022 1-0 (51)}) 7. Bd2 Qxc5 8. b3 $146 ({RR} 8. a3 Bxc3 9.
Bxc3 Nc6 10. b4 Qd6 11. Nf3 O-O 12. Rd1 Rd8 13. Bd3 h6 14. O-O Qe7 15. Qb2 dxc4
16. Bxc4 b6 17. Bd3 Bb7 18. Rd2 Rd5 19. Rc1 Rad8 20. Bb1 Rxd2 21. Nxd2 Nb8 22.
Be5 Nc6 {Kovacs,J (2077)-Seben,J (2005) Slovakia 2001 0-1 (75)}) 8... Bd7 9.
Nf3 Nc6 10. Bd3 dxc4 11. Bxc4 Na5 12. Ne4 Nxe4 13. Qxe4 Bc6 14. Qc2 Bxf3 15.
gxf3 Bxd2+ 16. Qxd2 Nxc4 17. bxc4 Qxc4 18. Rc1 Qb5 19. Rg1 O-O 20. Qc3 g6 21.
Rg4 Rad8 22. Rc4 0-1

[Event "Floripa Chess Open 2024"]
[Site "Florianopolis"]
[Date "2024.01.21"]
[Round "2.143"]
[White "Fossatti, Igor Anton"]
[Black "Lopes, Leonardo Borges"]
[Result "1/2-1/2"]
[WhiteElo "1340"]
[BlackElo "1694"]
[PlyCount "31"]
[EventDate "2024.01.20"]
[EventRounds "10"]
[EventCountry "BRA"]

1. e4 {Ftacnik,L} c5 2. Nf3 d6 3. d4 cxd4 4. Nxd4 Nf6 5. Nc3 a6 6. Be3 e5 7.
Nb3 Be6 8. f3 Nbd7 9. Qd2 b5 10. O-O-O Nb6 11. Kb1 ({RR} 11. Qf2 Nc4 12. Bxc4
bxc4 13. Nc5 Be7 14. h4 ({RR} 14. g4 Bxg4 15. N5a4 Be6 16. Rhg1 g6 17. Nb6 Rb8
18. Ncd5 Bxd5 19. Nxd5 Nxd5 20. Rxd5 Rb5 21. Qd2 Qc7 22. Bh6 Rxb2 23. Bg7) ({RR
} 14. N5a4 h5 15. Nb6 Rb8 16. Ncd5 Bxd5 17. Nxd5 Nxd5 18. Rxd5 Rb5 19. Rhd1 Qa5
20. Kb1 O-O 21. Qd2 Qc7 22. Rxb5 axb5 23. Qd5 b4 24. b3) ({RR} 14. Nxe6 fxe6
15. Qe2 d5 16. exd5 exd5 17. Nxd5 Nxd5 18. Qxc4 Nxe3 19. Qc6+ Kf7 20. Rxd8
Rhxd8 21. Qe4 Bg5 22. Qxe5 Rd5 23. Qc7+ Kg8 24. f4 Rad8 25. b3 Bf6) 14... Qc8
15. N5a4 Rb8 16. g4 Qc6 17. Nb6 Bd8 ({RR} 17... Qb7 18. g5 Nd7 19. Nba4 Qc6 20.
a3 O-O 21. h5 f5 22. gxf6 Nxf6 23. Qg3 Kh8 24. Rdg1 Rf7) 18. Ncd5 O-O ({RR} 
18... Bxb6 19. Nxb6 d5 20. exd5 ({RR} 20. g5 d4 21. gxf6 Qxb6) 20... Nxd5 21.
Nxd5 Bxd5 22. Rh3 O-O 23. f4 f5) 19. c3 Nxd5 ({RR} 19... Bxb6 20. Ne7+) 20.
Nxd5 ({RR} 20. exd5 Qb7 21. Nxc4 Bxd5 22. Nxd6 Qc6) 20... Rb5 21. Nb4 Qb7 ({RR
} 21... Qd7 22. Nxa6 Be7 23. Nb4 Ra8 24. Kb1 Qc7) 22. Rxd6 a5 ({RR} 22... Be7
23. Rxa6 Bxb4 24. Ra7 Qc6 25. cxb4 c3 ({RR} 25... Rb7 26. Rxb7 Qxb7 27. a3) 26.
b3 Ra8 27. Rd1) 23. Na6 ({RR} 23. Nc6 Bc7 24. Ne7+ Kh8 25. Rd2 a4) 23... Be7 ({
RR} 23... Bc7 24. Nxc7 Qxc7 25. Rhd1) 24. Nc5 Qc8 ({RR} 24... Rxc5 25. Bxc5
Bxd6 26. Bxd6 Rd8 27. Bxe5) 25. Nxe6 fxe6 {Anand,V (2782)-Svidler,P (2727)
Dortmund 2004 CBM 102 [Ftacnik,L] 1-0 (53)} ({RR} 25... Bxd6 26. Nxf8 Qxf8 27.
Rd1)) 11... Be7 ({RR} 11... Nc4 12. Bxc4 bxc4 13. Nc1 Be7 14. N1e2 O-O 15. Nd5
Bxd5 16. exd5 a5 17. Qc3 Qc7 18. g4 a4 19. a3 e4 20. fxe4 Nxe4 21. Qd4 Nf6 22.
Nc3 Nd7 23. g5 Ne5 24. Rdf1 Qb7 25. h4 Rfb8 26. Bc1 {Przybylski,W (2321)
-Tsyhanchuk,S (2273) chess.com INT 2023 0-1 (63)}) 12. g4 O-O 13. h4 $146 ({RR
} 13. g5 Nh5 14. Nd5 Nxd5 15. exd5 Bd7 16. Rg1 a5 17. Nc5 b4 18. Ne4 g6 19. f4
exf4 20. Bxf4 Bf5 21. Bd3 Re8 22. Ng3 Nxg3 23. hxg3 Bxd3 24. cxd3 f6 25. gxf6
Bxf6 26. Rde1 Qd7 27. Rxe8+ Rxe8 {Djuraev,S (2391)-Amonatov,F (2648) Tashkent
2009 0-1 (36)}) ({RR} 13. g5 Nh5 14. Rg1 b4 15. Nd5 Bxd5 16. exd5 a5 17. Qf2
Nd7 18. Bh3 a4 19. Nd2 g6 20. Ne4 Ng7 21. Qd2 Rb8 22. Bxd7 Qxd7 23. h4 f5 24.
gxf6 Bxf6 25. Bg5 Ne8 26. f4 exf4 27. Bxf4 Be7 {Andreev,D (2121)-Mitrev,K  
(2082) Sofia 2009 1/2-1/2}) 13... Qc7 14. h5 Rfd8 15. g5 Ne8 16. Qf2 1/2-1/2

[Event "Floripa Chess Open 2024"]
[Site "Florianopolis"]
[Date "2024.01.21"]
[Round "2.144"]
[White "Dias, Matheus Nunes"]
[Black "Oliveira, Andre Pereira Marti"]
[Result "1/2-1/2"]
[WhiteElo "1684"]
[BlackElo "1333"]
[PlyCount "65"]
[EventDate "2024.01.20"]
[EventRounds "10"]
[EventCountry "BRA"]

1. d4 Nf6 2. Nf3 d5 3. c4 e6 4. Nc3 dxc4 5. Bg5 a6 6. Qa4+ ({RR} 6. e4 b5 7. e5
h6 8. Bh4 g5 9. Nxg5 hxg5 10. Bxg5 Nbd7 11. Be2 Bb7 12. Bf3 Bxf3 13. Qxf3 Be7
14. exf6 Bxf6 15. Ne4 Bxg5 16. Nxg5 Rf8 17. a4 Rb8 18. h4 Nb6 19. axb5 axb5 20.
O-O Qd5 {Sjugirov,S (2663)-Ponkratov,P (2630) Moscow RUS 2019 1-0 (49)}) ({RR} 
6. e4 b5 7. Qc2 Nbd7 8. Be2 Bb7 9. Nd2 h6 10. Be3 c5 11. O-O cxd4 12. Bxd4 Bc5
13. Bxc5 Nxc5 14. e5 Nd5 15. Nde4 Nxe4 16. Nxe4 O-O 17. Nd6 Bc6 18. Qd2 f6 19.
Bg4 Qe7 20. Qd4 Rad8 {Przybylski,W (2321)-Liyanage,R (2203) chess.com INT 2021
0-1 (34)}) 6... Nbd7 $146 ({RR} 6... b5 7. Qc2 Bb7 8. Rd1 Be7 9. a3 O-O 10. e4
c5 11. d5 exd5 12. Bxf6 Bxf6 13. Nxd5 Bxd5 14. Rxd5 Qc7 15. Be2 Nd7 16. O-O Nb6
17. Rd2 Na4 18. Qb1 c3 19. Rd5 cxb2 20. e5 Nc3 {0-1 (20) Lavina Ubieto,A (1675)
-Cuello Borau,J (1839) Aragon 2008}) 7. Qxc4 h6 8. Bh4 c5 9. e3 b5 10. Qb3 Be7
11. Be2 cxd4 12. Nxd4 Nc5 13. Qc2 Bb7 14. O-O O-O 15. Rfd1 Qb6 16. Bf3 Bxf3 17.
Nxf3 Rac8 18. Rac1 Qb7 19. Qe2 b4 20. Nb1 Nd5 21. Bxe7 Qxe7 22. Nbd2 a5 23. Ne5
Rfd8 24. Rc4 Qf6 25. Ndf3 Nb7 26. Rdc1 Nd6 27. Rxc8 Rxc8 28. Rxc8+ Nxc8 29. Qa6
Qd8 30. Nc6 Qc7 31. e4 Ndb6 32. Qb5 Nd6 33. Qc5 1/2-1/2

[Event "Floripa Chess Open 2024"]
[Site "Florianopolis"]
[Date "2024.01.21"]
[Round "2.145"]
[White "Monteiro, Melissa"]
[Black "Ramazzotte, Maicon Zilli"]
[Result "0-1"]
[WhiteElo "1340"]
[BlackElo "1682"]
[PlyCount "60"]
[EventDate "2024.01.20"]
[EventRounds "10"]
[EventCountry "BRA"]

1. e4 c6 2. d4 d5 3. e5 Bf5 4. h4 h5 5. Bd3 Bxd3 6. Qxd3 e6 7. Nf3 Nh6 8. Bxh6
({RR} 8. Bg5 Be7 9. Nbd2 Nf5 10. g3 Nd7 11. c3 c5 12. O-O Qb6 13. Rab1 Qa6 14.
Qxa6 bxa6 15. Bxe7 Kxe7 16. Nb3 Rhc8 17. Na5 Rab8 18. b4 cxd4 19. cxd4 Rc3 20.
Rb3 Rbc8 21. Kg2 Nb6 22. Nb7 Rc2 {Paravyan,D (2592)-Deac,B (2699) chess.com
INT 2022 0-1 (36)}) 8... Rxh6 9. Nc3 Be7 ({RR} 9... Nd7 10. Ne2 Qa5+ 11. c3 Qb5
12. Qd2 c5 13. a4 Qb6 14. O-O c4 15. a5 Qc6 16. Rfb1 Be7 17. b3 cxb3 18. Rxb3
Rh8 19. Qb2 b6 20. axb6 axb6 21. Rxa8+ Qxa8 22. Nf4 g6 23. Ng5 Qc6 24. Qa1 {
Adams,M (2670)-Minasian,A (2462) Citta del Mare ITA 2023 1-0 (34)}) 10. g3 $146
({RR} 10. O-O-O Na6 11. g3 Rh8 12. a3 g6 13. Rdg1 c5 14. Ne2 {1/2-1/2 (14) Li,
M-Rottstaedt,W (2260) Germany 1996}) 10... Nd7 11. Qe3 c5 12. dxc5 Bxc5 13. Qg5
Qxg5 14. hxg5 Rh8 15. g4 h4 16. Na4 Bb4+ 17. c3 Ba5 18. b4 Bc7 19. Nc5 Nxe5 20.
Nxe5 Bxe5 21. Rc1 Bf4 22. Rc2 b6 23. Nd3 Bxg5 24. f4 Be7 25. g5 Rc8 26. Kf2 Bd6
27. Kf3 Rc4 28. Ne5 Bxe5 29. fxe5 Rh5 30. Rg1 g6 0-1

[Event "Floripa Chess Open 2024"]
[Site "Florianopolis"]
[Date "2024.01.21"]
[Round "2.146"]
[White "De Menezes, Ricardo Fagner Dias"]
[Black "Moura, Bernardo Lalane Mas"]
[Result "1-0"]
[WhiteElo "1675"]
[BlackElo "1327"]
[PlyCount "55"]
[EventDate "2024.01.20"]
[EventRounds "10"]
[EventCountry "BRA"]

1. d4 d5 2. c4 c6 3. Nf3 Nf6 4. g3 e6 5. Qc2 Nbd7 6. Bg2 Bd6 7. O-O O-O 8. Nbd2
b6 9. e4 dxe4 10. Nxe4 Nxe4 11. Qxe4 Bb7 12. Bg5 ({RR} 12. Rd1 Qc7 13. Ng5 Nf6
14. Qh4 c5 15. dxc5 Bxc5 16. Bf4 Qe7 17. Bxb7 Qxb7 18. Be5 h6 19. Bxf6 gxf6 20.
Ne4 f5 21. Nf6+ Kg7 22. Nd7 Qf3 23. Qf6+ Kg8 24. Nxc5 bxc5 25. Qxh6 Qg4 26. h3
Qxc4 {Krasenkow,M (2607)-Stachowiak,K (2436) Wroclaw 2011 1-0 (63)}) 12... Be7
13. Be3 $146 ({RR} 13. Bxe7 Qxe7 14. Ne5 Rac8 15. Rfd1 Rfd8 16. Rac1 Rc7 17.
Qc2 h6 18. a3 c5 19. Nxd7 Bxg2 20. Kxg2 Rcxd7 21. dxc5 Qxc5 22. Rxd7 Rxd7 23.
Qe4 Rd2 24. Qa8+ Kh7 25. Qf3 f5 26. b4 Qd4 27. c5 Rd3 {Leers Fischer,H (1925)
-Brecker,H (1878) Krefeld 2012 0-1 (34)}) ({RR} 13. Bxe7 Qxe7 14. Ne5 Nxe5 15.
dxe5 Rad8 16. Rad1 Rxd1 17. Rxd1 Rd8 18. Rxd8+ Qxd8 19. h4 h6 20. b3 Qd2 21.
Qb1 Qd4 22. Qe1 a5 23. Be4 g6 24. h5 Qxe5 25. hxg6 fxg6 26. Qe3 Kg7 27. Qxb6
Qxe4 {Agasarov,B (2205)-Brilej,J (2375) chess.com INT 2022 0-1 (79)}) ({RR} 13.
Bxe7 Qxe7 14. Rfd1 Nf6 15. Qc2 c5 16. Ng5 Bxg2 17. Kxg2 cxd4 18. Rxd4 Qc5 19.
Nf3 e5 20. Rdd1 Rfe8 21. Re1 e4 22. Nd2 e3 23. fxe3 Rxe3 24. Rxe3 Qxe3 25. Nf3
h5 26. Re1 Ng4 27. Qe2 Qc5 {Vdovin,M-Strunin,A (1932) Samara 2011 0-1 (42)})
13... Rc8 14. Rfd1 Nf6 15. Qd3 c5 16. Qe2 Qe8 17. dxc5 Bxc5 18. Ne5 Bxg2 19.
Kxg2 Qe7 20. Bg5 Qb7+ 21. Qf3 Qxf3+ 22. Kxf3 Rfd8 23. Rxd8+ Rxd8 24. b4 Bd6 25.
Rd1 Kf8 26. Nc6 Rd7 27. Bxf6 gxf6 28. c5 1-0

[Event "Floripa Chess Open 2024"]
[Site "Florianopolis"]
[Date "2024.01.21"]
[Round "2.147"]
[White "Blaszkosky, Vinicius"]
[Black "Do Prado, Hamilton Mesquita"]
[Result "0-1"]
[WhiteElo "1314"]
[BlackElo "1673"]
[PlyCount "76"]
[EventDate "2024.01.20"]
[EventRounds "10"]
[EventCountry "BRA"]

1. d4 d5 2. c4 e5 3. dxe5 d4 4. Nf3 Nc6 5. a3 a5 6. e3 Bc5 7. exd4 Nxd4 ({RR} 
7... Bxd4 8. Be2 Nge7 9. O-O O-O 10. Nc3 Bxc3 11. bxc3 Ng6 12. Bg5 Qe8 13. Re1
a4 14. Be3 Qe7 15. Qc2 Re8 16. Bf1 Ncxe5 17. Nxe5 Qxe5 18. Qb2 Qe4 19. Qb5 Re5
20. c5 Be6 21. Rad1 h6 22. Bd3 {Bareev,E (2665)-Morozevich,A (2595) Elista
1997 1-0 (44)}) 8. Nc3 ({RR} 8. Nxd4 Bxd4 9. Qe2 Ne7 10. g3 Ra6 11. Bg2 Re6 12.
O-O Rxe5 13. Qc2 Bf5 14. Qb3 O-O 15. Bf4 Re6 16. c5 Bxc5 17. Rd1 Qb8 18. Nc3
Bb6 19. Na4 Ba7 20. Rac1 Nc6 21. Bd5 Re2 22. Nc5 Ne7 {Brown,T (1959)-Paul,N  
(2004) Kenilworth ENG 2023 1/2-1/2 (59)}) 8... Bg4 9. Qa4+ $146 ({RR} 9. Be2
Nxf3+ 10. Bxf3 Qxd1+ 11. Bxd1 Bxd1 12. Nxd1 Bd4 13. f4 f6 14. Be3 O-O-O 15. e6
f5 16. O-O Nf6 17. Bxd4 Rxd4 18. Ne3 g6 19. Rad1 Rxd1 20. Rxd1 Re8 21. Nd5 Rxe6
22. Nxf6 Rxf6 23. Rd5 b6 {Franco Ocampos,Z (2465)-Miladinovic,I (2565) Saint
Vincent 1998 1/2-1/2 (46)}) ({RR} 9. Be2 Bf5 10. Nxd4 Bxd4 11. Bf4 Ne7 12. O-O
O-O 13. Qd2 Ng6 14. Rad1 Bxc3 15. bxc3 Qxd2 16. Bxd2 Nxe5 17. Bf4 Rfe8 18. Rfe1
h6 19. h3 c6 20. c5 f6 21. Kf1 Kf7 22. Rd6 g5 23. Be3 Re7 {Kirszenberg,M (2130)
-Rytenko,V (2403) chess.com INT 2021 0-1 (33)}) 9... Bd7 10. Qd1 Bc6 11. Nxd4
Bxd4 12. Qh5 g6 13. Qg4 Bxe5 14. Bg5 Nf6 15. Qe2 Qe7 16. Nd5 Bxd5 17. cxd5 Bxb2
18. Rb1 Qxe2+ 19. Bxe2 Bc3+ 20. Kf1 O-O-O 21. h4 h6 22. Bxf6 Bxf6 23. Rh3 Rd6
24. Bg4+ Kb8 25. Rhb3 b6 26. Rb5 Ka7 27. g3 Bd4 28. Re1 f5 29. Bf3 Bc5 30. Rb3
Rhd8 31. Re7 Kb7 32. Rh7 g5 33. hxg5 hxg5 34. Re3 Rf8 35. a4 g4 36. Bg2 f4 37.
gxf4 Rxf4 38. f3 Rxa4 0-1

[Event "Floripa Chess Open 2024"]
[Site "Florianopolis"]
[Date "2024.01.21"]
[Round "2.148"]
[White "Calcada, Henrique Galvan"]
[Black "De Souza, Samuel De Deus"]
[Result "1-0"]
[WhiteElo "1672"]
[BlackElo "1300"]
[PlyCount "57"]
[EventDate "2024.01.20"]
[EventRounds "10"]
[EventCountry "BRA"]

1. Nf3 Nf6 2. c4 c5 3. g3 g6 4. b3 b6 5. Bg2 Bb7 6. O-O Bg7 7. Bb2 O-O 8. e3 e6
9. Qe2 ({RR} 9. d4 Qe7 10. Nc3 Na6 11. Qe2 d5 12. Rfd1 Rfd8 13. Rac1 dxc4 14.
bxc4 Rac8 15. Nb5 Be4 16. a3 Nb8 17. dxc5 bxc5 18. Be5 Ne8 19. Bxg7 Kxg7 20.
Ne5 Bxg2 21. Kxg2 f6 22. Nd3 Nc6 23. Nc3 Nd6 {Karpov,A (2700)-Kasparov,G (2710)
Moscow (Russia) 1984 1/2-1/2 (41)}) 9... d5 ({RR} 9... Qe7 10. Nc3 Nc6 11. d4
d5 12. cxd5 exd5 13. Rfd1 cxd4 14. Nxd4 Nxd4 15. Rxd4 Rfd8 16. Rad1 Rac8 17.
R4d2 Ne4 18. Nxd5 Bxd5 19. Rxd5 Rxd5 20. Rxd5 Nc3 21. Bxc3 Bxc3 22. Bf3 Bf6 23.
Kg2 Rd8 24. Qd3 {Bayo Milagro,A (2287)-Roman,R (2058) chess.com INT 2023 1-0  
(46)}) 10. cxd5 exd5 11. Rd1 $146 ({RR} 11. d4 Ba6 12. Qc2 Bxf1 13. Kxf1 Nbd7
14. Nbd2 Re8 15. Rc1 Rc8 16. Qb1 Ne4 17. Rd1 Nxd2+ 18. Rxd2 Nf6 19. Rd1 c4 20.
bxc4 Rxc4 21. Nd2 Rc6 22. a4 Qd7 23. Qd3 Rec8 24. Nf3 Rc2 25. Qb3 Ne4 {
Hartlaub,M (1368)-Henniges,E (1322) Bad Bevensen 2010 0-1}) 11... Re8 12. d4
Nc6 13. Na3 cxd4 14. Nxd4 Nxd4 15. Bxd4 Qe7 16. Qb2 Red8 17. Bh3 Nh5 18. Bxg7
Nxg7 19. Rac1 Qe4 20. Bg2 Qe7 21. Nb5 Ne6 22. Rd2 Rd7 23. Rcd1 Qc5 24. a4 a6
25. b4 Qe7 26. Nc3 Qf6 27. Nxd5 Qxb2 28. Rxb2 Rad8 29. Nf6+ 1-0

[Event "Floripa Chess Open 2024"]
[Site "Florianopolis"]
[Date "2024.01.21"]
[Round "2.149"]
[White "Tischler Lema Garcia, Maria Eduarda"]
[Black "De Resende, Sidnei"]
[Result "1-0"]
[WhiteElo "1299"]
[BlackElo "1666"]
[PlyCount "87"]
[EventDate "2024.01.20"]
[EventRounds "10"]
[EventCountry "BRA"]

1. d4 Nf6 2. c4 c5 3. dxc5 e6 4. Nc3 Bxc5 ({RR} 4... Qa5 5. a3 Qxc5 6. e3 d6 7.
b4 Qc7 8. Bb2 Nbd7 9. Nf3 a6 10. Be2 Be7 11. O-O O-O 12. Qb3 b6 13. Rac1 Bb7
14. Rfd1 {1/2-1/2 (14) Miladinovic,I (2611)-Lazic,M (2517) Rome 2005}) 5. Bg5 (
{RR} 5. e3 Nc6 6. Nf3 O-O 7. Bd3 d5 8. cxd5 exd5 9. O-O Bg4 10. Be2 Rc8 11. Nb5
a6 12. Nbd4 Nxd4 13. exd4 Bd6 14. Be3 Qe7 15. Qb3 h6 16. Rac1 Rfe8 17. h3 Bh5
18. a3 Qd7 19. Rxc8 Rxc8 {Yakubbaeva,N (2322)-Seo,J (1742) Hangzhou CHN 2023
1-0 (50)}) 5... O-O 6. Nf3 $146 ({RR} 6. e3 Nc6 7. Nf3 h6 8. Bh4 b6 9. Ne4 Be7
10. Nxf6+ Bxf6 11. Bxf6 Qxf6 12. Qd2 Rd8 13. a3 Bb7 14. Rd1 d5 15. Qc3 Qxc3+
16. bxc3 Na5 17. cxd5 Bxd5 18. Be2 Rac8 19. O-O Bc4 20. Bxc4 Nxc4 {Fromm,K  
(1546)-Renger,N (1815) Oberhof 2013 0-1 (43)}) ({RR} 6. e3 h6 7. Bh4 b6 8. Nf3
Bb7 9. Be2 Be7 10. O-O d6 11. Qc2 Nbd7 12. Rfd1 Rc8 13. Rac1 Qc7 14. Nb5 Qb8
15. Qd3 Nc5 16. Qb1 Be4 17. Qa1 Rfd8 18. b4 Ncd7 19. Qd4 Bxf3 20. Bxf3 Ne5 {
Storme,I (2392)-Kononenko,D (2322) chess.com INT 2020 0-1 (42)}) 6... h6 7. Bh4
Nc6 8. e4 Be7 9. Bd3 d6 10. O-O a6 11. a3 b6 12. Qc2 Bb7 13. Rad1 Qc7 14. Rfe1
Rac8 15. b4 Nh5 16. Bxe7 Qxe7 17. Qd2 Rfd8 18. Qe2 Nf4 19. Qe3 Nxd3 20. Rxd3
Qc7 21. Na4 b5 22. cxb5 axb5 23. Nc3 Ba6 24. Rb1 Ne5 25. Nxe5 dxe5 26. Ne2 Bb7
27. Rxd8+ Rxd8 28. h3 Qc2 29. Nc3 Rd3 30. Rc1 Rxe3 31. Rxc2 Re1+ 32. Kh2 Bxe4
33. Rd2 f5 34. Nxb5 Ra1 35. Rd8+ Kf7 36. Rd6 Bd5 37. Ra6 Kf8 38. Nc7 Bb3 39. b5
Rc1 40. b6 Bc4 41. b7 Rb1 42. Ra7 Bd5 43. Nxd5 exd5 44. a4 1-0

[Event "Floripa Chess Open 2024"]
[Site "Florianopolis"]
[Date "2024.01.21"]
[Round "2.150"]
[White "Martins, Marlos Da Rosa"]
[Black "Dos Santos, Leonardo Lopes"]
[Result "1-0"]
[WhiteElo "1296"]
[BlackElo "1664"]
[PlyCount "27"]
[EventDate "2024.01.20"]
[EventRounds "10"]
[EventCountry "BRA"]

1. Nf3 Nf6 2. g3 g6 3. Bg2 Bg7 4. d4 d5 5. c4 c6 6. cxd5 cxd5 7. O-O Nc6 8. e3
O-O 9. Nc3 Bf5 ({RR} 9... b6 10. Ne5 Bb7 11. Nxc6 Bxc6 12. Bd2 Rc8 13. Qb3 Qd7
14. Rfc1 h5 15. a4 Rb8 16. Qd1 Rfc8 17. b4 Ne8 18. Qb3 e6 19. b5 Ba8 20. Nd1
Nd6 21. Nb2 Ne4 22. Be1 e5 23. f3 Nd6 24. dxe5 {Rosen,B (2280)-Siegel,G (2443)
Bad Wiessee 2002 0-1 (40)}) 10. a3 ({RR} 10. Bd2 Ne4 11. Nxe4 Bxe4 12. a3 Rc8
13. Rc1 Qd7 14. b4 a6 15. Qb3 e6 16. Rc3 Na7 17. Rfc1 Nb5 18. Rxc8 Rxc8 19. a4
Rxc1+ 20. Bxc1 Qc8 21. Bd2 Nd6 22. Qc3 Qc4 23. Qxc4 dxc4 24. Bc3 Bc6 {Morozov,
A-Zhukovskyi,O (1733) chess.com INT 2023 0-1 (35)}) 10... Qd7 11. Qb3 $146 ({RR
} 11. Ne5 Qd8 12. Qb3 Na5 13. Qa4 Rc8 14. Bd2 a6 15. Nxd5 Nxd5 16. Qxa5 Be6 17.
Rac1 Qd6 18. Bxd5 Bxd5 19. Bb4 Qe6 20. Bxe7 Rxc1 21. Rxc1 b6 22. Qb4 Qh3 23. f3
Re8 24. e4 Bh6 25. Re1 Ba8 {Varga,A (2070)-Sith,J Slovakia 1995 1/2-1/2 (61)})
11... Ne4 12. Bd2 Na5 13. Qxd5 Qxd5 14. Nxd5 1-0

[Event "Floripa Chess Open 2024"]
[Site "Florianopolis"]
[Date "2024.01.21"]
[Round "2.151"]
[White "Setti, Dalmarino"]
[Black "Damasio, Fabio Ferreira"]
[Result "1-0"]
[WhiteElo "1664"]
[BlackElo "1296"]
[PlyCount "53"]
[EventDate "2024.01.20"]
[EventRounds "10"]
[EventCountry "BRA"]

1. e4 c5 2. c4 Nc6 3. Nc3 e6 4. g3 Nge7 5. Bg2 Qc7 $146 ({RR} 5... Nd4 6. Nge2
Nec6 7. O-O g6 8. a3 Bg7 9. Rb1 a5 10. d3 O-O 11. Nxd4 Nxd4 12. Be3 d6 13. Ne2
a4 14. Nxd4 cxd4 15. Bd2 Bd7 16. Bb4 Bc6 17. f4 Re8 18. Qd2 Qd7 19. Rbe1 f5 20.
exf5 {Leito,P (2347)-Kulaots,K (2542) Kilingi Nomme 2002 1/2-1/2 (41)}) ({RR} 
5... Nd4 6. Nge2 Nec6 7. d3 d6 8. O-O g6 9. a3 Bg7 10. Rb1 O-O 11. b4 a6 12. h3
Rb8 13. Be3 b5 14. bxc5 dxc5 15. cxb5 axb5 16. Bxd4 Nxd4 17. Nxd4 Bxd4 18. Nxb5
Ba6 19. a4 Bxb5 20. Rxb5 {Meijers,V (2496)-Halkias,S (2579) Kavala 2008 0-1  
(32)}) ({RR} 5... Nd4 6. Nge2 Nec6 7. O-O Be7 8. d3 O-O 9. f4 d6 10. Be3 Rb8
11. Rb1 a6 12. a3 b5 13. cxb5 axb5 14. b4 Nxe2+ 15. Nxe2 cxb4 16. axb4 d5 17.
exd5 Nxb4 18. dxe6 Bxe6 19. Nd4 Bd5 20. Rf2 {Nezhyvenko,M (1787)-Berin,A (2277)
chess.com INT 2023 0-1 (34)}) ({RR} 5... Ng6 6. Nge2 Be7 7. O-O O-O 8. d4 cxd4
9. Nxd4 d6 10. Be3 Nce5 11. b3 Bd7 12. f4 Nc6 13. Ndb5 Be8 14. Rf2 a6 15. Nd4
Nxd4 16. Bxd4 Qa5 17. Qd3 e5 18. Be3 exf4 19. gxf4 Qh5 20. Nd5 {Lemaitre,D  
(1620)-Mauget,J (1830) Gorges 2004 1-0 (38)}) 6. Nge2 g6 7. O-O Bg7 8. d3 O-O
9. f4 d6 10. Be3 Nd4 11. Qd2 a6 12. Rab1 Rb8 13. b4 b6 14. bxc5 dxc5 15. e5 Bb7
16. Ne4 Bxe4 17. Bxe4 Rfd8 18. Nc3 Nec6 19. a3 Na7 20. Bxd4 Rxd4 21. Ne2 Rbd8
22. Qc2 a5 23. Nc3 Qe7 24. Rb3 Qc7 25. Rfb1 Nc8 26. Na4 f5 27. Bg2 1-0

[Event "Floripa Chess Open 2024"]
[Site "Florianopolis"]
[Date "2024.01.21"]
[Round "2.152"]
[White "Rahn, Marlon Cristiano"]
[Black "Da Silva, Esequiel Luis Melo"]
[Result "0-1"]
[WhiteElo "1295"]
[BlackElo "1647"]
[PlyCount "66"]
[EventDate "2024.01.20"]
[EventRounds "10"]
[EventCountry "BRA"]

1. c4 e6 2. g3 d5 3. cxd5 exd5 4. Bg2 c6 5. Nf3 Bd6 ({RR} 5... Nf6 6. b3 Bd6 7.
Bb2 O-O 8. O-O Bg4 9. d3 Nbd7 10. Nbd2 Re8 11. Re1 Ne5 12. Nxe5 Bxe5 13. Bxe5
Rxe5 14. Nf3 Re7 15. b4 Qb6 16. Qd2 Rae8 17. h3 Bxf3 18. Bxf3 Nd7 19. Rab1 Qd4
20. Qf4 {Knechtel,R (2266)-Froewis,G (2463) Austria 2017 1/2-1/2 (36)}) ({RR} 
5... f5 6. O-O Nf6 7. d3 Bd6 8. Nc3 O-O 9. Bd2 Nbd7 10. Rc1 Ne5 11. Nxe5 Bxe5
12. Qc2 Qe8 13. Bf3 Qg6 14. Qa4 Ng4 15. Bxg4 fxg4 16. Qc2 Bf5 17. Rce1 Bxc3 18.
Bxc3 Rae8 19. Bd4 b6 20. b4 {Cavalcanti Filho,G-Azevedo,E (1651) Recife BRA
2022 1/2-1/2 (61)}) 6. O-O Ne7 7. d3 $146 ({RR} 7. b3 O-O 8. Bb2 f6 9. d3 Nd7
10. Nbd2 Ne5 11. Rc1 Be6 12. Nd4 Nf7 13. Nxe6 {1-0 (13) Feddersen,B (1786)
-Salis,A (1584) Undeloh 2004}) 7... O-O 8. Nc3 Nd7 9. Bg5 f6 10. Bd2 Ne5 11. d4
Nxf3+ 12. Bxf3 Bf5 13. e3 Bh3 14. Bg2 Bxg2 15. Kxg2 Qe8 16. a3 a5 17. Na4 b5
18. Nc5 Bxc5 19. dxc5 Ng6 20. b4 axb4 21. axb4 Qe4+ 22. Kg1 Ne5 23. f4 Rxa1 24.
Qxa1 Nf3+ 25. Rxf3 Qxf3 26. Qd4 Re8 27. Qd3 Re4 28. Qb3 Qe2 29. Qa2 h6 30. f5
Qf3 31. Qa8+ Kh7 32. Be1 Rxe3 33. Qa1 Re2 0-1

[Event "Floripa Chess Open 2024"]
[Site "Florianopolis"]
[Date "2024.01.21"]
[Round "2.153"]
[White "Bueno, Marcos Antonio Ferr"]
[Black "Santos, Caua Lopes"]
[Result "1/2-1/2"]
[WhiteElo "1644"]
[BlackElo "1290"]
[PlyCount "26"]
[EventDate "2024.01.20"]
[EventRounds "10"]
[EventCountry "BRA"]

1. Nf3 Nf6 2. g3 g6 3. Bg2 Bg7 4. O-O O-O 5. d3 d5 6. Nbd2 c6 7. e4 dxe4 8.
Nxe4 Nxe4 9. dxe4 Qb6 ({RR} 9... Qxd1 10. Rxd1 Na6 11. c3 Nc5 12. Nd4 e5 13.
Nb3 Na4 14. Rb1 Be6 15. Be3 b6 16. Rd2 Rfd8 17. Rbd1 Bf6 18. Rxd8+ Rxd8 19.
Rxd8+ Bxd8 20. Bc1 Kf8 21. Bf3 Ke8 22. Bd1 Kd7 23. Kf1 b5 24. Bc2 {Kovalev,V  
(2539)-Kovalenko,I (2653) Wroclaw 2014 0-1 (34)}) ({RR} 9... b6 10. c3 Ba6 11.
Re1 Qc7 12. Be3 Nd7 13. Qc1 Rad8 14. Bh6 Nc5 15. Bxg7 Kxg7 16. Qg5 f6 17. Qh4
Nd3 18. Nd4 Bc8 19. Re2 e5 20. Nc2 Nxb2 21. Ne3 Na4 22. Rc2 Rd3 23. c4 Qf7 24.
Rac1 {Krivoshapov,I (1053)-Slobodyanyuk,E Yalta UKR 2022 0-1}) 10. c3 Nd7 11.
Qe2 c5 $146 ({RR} 11... Ne5 12. Be3 Nxf3+ 13. Bxf3 Qc7 14. Rfd1 Be6 15. Bg4
Bxg4 16. Qxg4 e6 17. Rd2 Rfd8 18. Rad1 Rxd2 19. Rxd2 Rd8 20. Qd1 Rxd2 21. Qxd2
b6 22. Bf4 Be5 23. Bxe5 Qxe5 24. Qd8+ Kg7 25. Qd4 Kf6 26. f4 {Nefedov,D (2126)
-Bivol,A (1763) Kimry 2008 1/2-1/2}) 12. Be3 Qc7 13. Rfd1 c4 1/2-1/2